| 000 | 00821nam a2200253Ia 4500 | ||
|---|---|---|---|
| 003 | OSt | ||
| 005 | 20220918171211.0 | ||
| 006 | a|||||r|||| 00| 0 | ||
| 007 | ta | ||
| 008 | 220917b |||||||| |||| 00| 0 eng d | ||
| 020 |
_a9781409410908 (hbk) _c3057.32 |
||
| 024 | _a255,432 | ||
| 037 |
_b111/2011-12, 21/10/2011, Pioneer Book Distributors _cTextual |
||
| 040 |
_aARTS _cARTS _beng |
||
| 041 |
_2eng _aeng |
||
| 082 | _aQ41:22522, Q0 | ||
| 100 |
_aAppleton Naomi _934715 |
||
| 245 | 0 |
_aJataka stories in theravada buddhism _b Narrating the bodhisatta path |
|
| 260 |
_aSurrey _bAshgate England _c2010 |
||
| 300 |
_aviii,176p. _ccm. |
||
| 650 | _aRELIGION | ||
| 942 |
_hQ41:22522, Q0 _cTEXL _2CC |
||
| 999 |
_c138291 _d138291 |
||